| 000 | 01202cam a2200349 i 4500 | ||
|---|---|---|---|
| 999 |
_c64502 _d64502 |
||
| 001 | 171151821 | ||
| 003 | CO-MdFUSB | ||
| 005 | 20180906152801.0 | ||
| 008 | 070906s2007 mnu b 000 0 spa | ||
| 010 | _a2007036925 | ||
| 020 |
_a9780806680200 _q(pbk. ; _qalk. paper) |
||
| 020 |
_a080665337X _q(pbk. ; _qalk. paper) |
||
| 040 |
_aDLC _bspa _dBTCTA _dBAKER _dYDXCP _dPLT _dOCLCQ _dOCLCO _dOCLCA _dBTA _dOCLCF _dOCLCA _dOCLCQ _dUtOrBLW _dCO-MdFUSB _cCO-MdFUSB _erda |
||
| 041 | _aspa | ||
| 082 |
_222 _a223.207 _bG216 |
||
| 100 | 1 |
_aGarcía-Treto, Francisco O. _eautor |
|
| 245 | 0 | 0 |
_aSalmos _c/ por Francisco García-Treto |
| 264 | 1 |
_aMinneapolis : _bAugsburg Fortress Press, _c[2008] |
|
| 264 | 1 | _c©2008 | |
| 300 |
_avi, 160 páginas ; _c23 cm. |
||
| 336 |
_atexto _btxt _2rdacontent. |
||
| 337 |
_asin mediación _bn _2rdamedia. |
||
| 338 |
_avolumen _bnc _2rdacarrier. |
||
| 490 | 1 | _aSerie Conozca su Biblia. | |
| 504 | _aIncluye referencias bibliográficas. | ||
| 563 | _aRústico. | ||
| 630 | 0 | 7 |
_aBiblia. _vLucas _xCrítica, interpretación, etc. _pSalmos |
| 700 | 1 |
_9859 _aGonzález, Justo L., _d1937- _eeditor |
|
| 830 | _aSerie Conozca su Biblia | ||
| 942 | _cBK | ||